Statistics for Most Common Last Names in Israel

Click here to take the quiz!

General Stats

  • This quiz has been taken 120 times
  • The average score is 4 of 22

Answer Stats

#LetterLast Name% Correct
159,596CCohen
92%
97,892LLevy
83%
15,860DDavid
33%
25,764PPeretz
23%
18,684AAvraham
22%
29,131MMizrahi
13%
17,219KKatz
12%
16,261SSchwartz
12%
16,876OOmer
11%
13,683WWeiss
11%
13,219SShapiro
10%
18,465FFriedman
8%
24,461BBitton
7%
16,379MMhamid
7%
17,107YYosef
4%
20,555DDahan
2%
15,608AAzulay
1%
15,518MMalkah
1%
18,944AAgbaria
0%
13,297GGaby
0%
14,644JJabarin
0%
15,079ZZoabi
0%

Score Distribution

Percentile by Number Answered

Percent of People with Each Score

Your Score History

You have not taken this quiz